Endodontic therapy. (2nd ed.) (Record no. 31343)

MARC details
000 -LEADER
fixed length control field 00674nam a2200193 a 4500
008 - FIXED-LENGTH DATA ELEMENTS--GENERAL INFORMATION
fixed length control field 110907s1976 ||||||||||||||||| || u
020 ## - INTERNATIONAL STANDARD BOOK NUMBER
International Standard Book Number 0801653827
050 ## - LIBRARY OF CONGRESS CALL NUMBER
Classification number RK 351 Wei
100 ## - MAIN ENTRY--PERSONAL NAME
Personal name Weine, Franklin S
245 10 - TITLE STATEMENT
Title Endodontic therapy. (2nd ed.)
250 ## - EDITION STATEMENT
Edition statement 2nd ed.
260 ## - PUBLICATION, DISTRIBUTION, ETC.
Place of publication, distribution, etc. St. Louis, Missouri:
Name of publisher, distributor, etc. Elsevier/Mosby
Date of publication, distribution, etc. 1976
300 ## - PHYSICAL DESCRIPTION
Extent vii, 496p. : ill.
350 ## -
-- 0.00
650 #0 - SUBJECT ADDED ENTRY--TOPICAL TERM
Topical term or geographic name entry element DENTISTRY--ATLASES
650 #0 - SUBJECT ADDED ENTRY--TOPICAL TERM
Topical term or geographic name entry element ENDODONTICS
700 ## - ADDED ENTRY--PERSONAL NAME
Personal name Smulson, Marshall H
995 ## -
-- MEDICAL LIBRARY OPEN ACCESS
-- 0.00
-- 900006
-- CBU-SCHOOL OF MEDICINE LIBRARY (Ndola)
-- 1
-- 0.00
-- RK 351 Wei
-- 1
-- AVAILABLE
-- Oct 19, 2011
-- 900006
-- Medical Library Open Access Collection
999 ## -
-- 31343
-- 31343
Holdings
Withdrawn status Lost status Source of classification or shelving scheme Damaged status Not for loan Permanent Location Current Location Shelving location Date acquired Total Checkouts Full call number Barcode Date last seen Price effective from Koha item type
          CBU-SCHOOL OF MEDICINE LIBRARY, NDOLA. CBU-SCHOOL OF MEDICINE LIBRARY, NDOLA.   11/30/2022   RK 351 Wei 900006 11/30/2022 11/30/2022 MONOGRAPH